| 000 | 01919nam0a2200325 i 4500 | ||
|---|---|---|---|
| 001 | RU\NLR\BIBL_A\010772817 | ||
| 005 | 20260406021555.0 | ||
| 010 |
_a97858200003417 _9500 |
||
| 021 |
_aRU _b2015-25554 _91510 |
||
| 035 | _a(NILC)RuMoRGB-007904015 | ||
| 035 | _a(NLR Aleph) 010772817 | ||
| 090 |
_a10029775 _c10029775 |
||
| 100 | _a20150601d2014 km y0rusy50 ca | ||
| 101 | 0 | _arus | |
| 102 | _aRU | ||
| 105 | _aa|||z|||000yy | ||
| 200 | 1 |
_aРационализация использования природных травостоев Бурятии _eмонография _fЭ. Г. Имескенова, А. Б. Бутаханов _gМ-во сельского хоз-ва РФ, Департамент науч.-технологической политики и образования, Федеральное гос. бюджетное образовательное учреждение высш. проф. образования "Бурятская гос. сельскохозяйственная акад. им. В. Р. Филиппова" |
|
| 210 |
_aУлан-Удэ _cБурятская государственная сельскохозяйственная академия _d2014 |
||
| 215 |
_a180 с. _cил. _d21 |
||
| 320 | _aБиблиогр.: с. 156-173 (263 назв.) | ||
| 606 | 1 |
_aПастбища _xИспользование _yБурятия, Республика _92248493 _3RU\NLR\AUTH\6601579607 |
|
| 606 | 1 |
_aКормовые угодья _yБурятия, Республика _92432870 _3RU\NLR\AUTH\661447929 |
|
| 686 | 1 | _aП221-48(2Р54-6Бу) | |
| 700 | 1 |
_8rus _7ca _aИмескенова _bЭ. Г. _gЭржена Гавриловна _3RU\NLR\AUTH\77123095 _9106020 |
|
| 701 | 1 |
_aБутуханов _bА. Б. _gАнатолий Богомолович |
|
| 801 | 0 |
_aRU _bРГБ _c20150403 _gRCR |
|
| 942 | _cBOOK | ||
| 980 | _aNBR | ||